000 00296nam a2200121Ia 4500
008 190216s9999||||xx |||||||||||||| ||und||
100 _aFrederick A Ekeblad
245 0 _aStatistical Method In Business
260 _bJohn Wiley & Sons
_c1962
300 _a791p
650 _aStatistics
942 _cBK
999 _c4467
_d4467